Знай наших! (Запись № 11929873)

Подробности
000 -МАРКЕР
контрольное поле 01341nam0a2200337 4500
001 - ИДЕНТИФИКАТОР ЗАПИСИ
контрольное поле RU\NLR\BIBL_A\011487904
005 - ИДЕНТИФИКАТОР ВЕРСИИ
контрольное поле 20260405145533.0
010 ## - МЕЖДУНАРОДНЫЙ СТАНДАРТНЫЙ НОМЕР КНИГИ (ISBN)
Номер (ISBN) 9785990905571
Тираж 500
021 ## - НОМЕР ГОСУДАРСТВЕННОЙ РЕГИСТРАЦИИ
Код страны Российская Федерация
Номер 2017-66046
Номер Листа государственной регистраци 4673
035 ## - ДРУГИЕ СИСТЕМНЫЕ НОМЕРА
Идентификатор записи (RuMoRGB)009380613
035 ## - ДРУГИЕ СИСТЕМНЫЕ НОМЕРА
Идентификатор записи (NLR Aleph) 011487904
100 ## - ДАННЫЕ ОБЩЕЙ ОБРАБОТКИ
Данные общей обработки 20171003d2017 u y0rusy50 ca
101 0# - ЯЗЫК РЕСУРСА
Язык текста, звукозаписи и т.д. русский
102 ## - СТРАНА ПУБЛИКАЦИИ ИЛИ ПРОИЗВОДСТВА
Страна публикации Российская Федерация
105 ## - ПОЛЕ КОДИРОВАННЫХ ДАННЫХ: ТЕКСТОВЫЕ МАТЕРИАЛЫ, МОНОГРАФИЧЕСКИЕ
Кодированные данные о монографическом текстовом документе ychzzz00010zy
200 1# - ЗАГЛАВИЕ И СВЕДЕНИЯ ОБ ОТВЕТСТВЕННОСТИ
Основное заглавие Знай наших!
Первые сведения об ответственности В. В. Фёдоров
205 ## - СВЕДЕНИЯ ОБ ИЗДАНИИ
Сведения об издании 2-е изд., исправл. и доп.
210 ## - ПУБЛИКАЦИЯ, РАСПРОСТРАНЕНИЕ И ДР.
Место издания, распространения и т.д. Нижний Новгород
Имя издателя, распространителя и т. д. БегемотНН
Дата издания, распространения и т.д. 2017
215 ## - ФИЗИЧЕСКАЯ ХАРАКТЕРИСТИКА
Специфическое обозначение материала и объем 318, [1] с.
Другие сведения о физической характеристике ил., портр., факс.
Размеры 25
300 ## - ОБЩИЕ ПРИМЕЧАНИЯ
Текст примечания На авантит.: 800-летию Нижнего Новгорода посвящается …
333 ## - ПРИМЕЧАНИЯ ОБ ОСОБЕННОСТЯХ РАСПРОСТРАНЕНИЯ И ИСПОЛЬЗОВАНИЯ
Текст примечания 12+
601 12 - НАИМЕНОВАНИЕ ОРГАНИЗАЦИИ КАК ПРЕДМЕТ
Начальный элемент ввода Всероссийская промышленная и художественная выставка
Место проведения временной организации Нижний Новгород, город
Дата проведения временной организации 1896
Системный номер авторитетной/нормативной записи 2314082
Идентификатор авторитетной/нормативной записи RU\NLR\AUTH\6601610177
686 1# - ИНДЕКСЫ ДРУГИХ КЛАССИФИКАЦИЙ
Индекс У9(28)л6
686 2# - ИНДЕКСЫ ДРУГИХ КЛАССИФИКАЦИЙ
Индекс Ш6(2=Р)8-464.1
700 #1 - ИМЯ ЛИЦА - ПЕРВИЧНАЯ ОТВЕТСТВЕННОСТЬ
Материалы, к которым относится поле rus
Графика поля Кириллица
Начальный элемент ввода Федоров
Часть имени, кроме начального элемента ввода В. В.
Дополнения к именам, кроме дат журналист
Даты 1947-
Расширение инициалов личного имени Вячеслав Вениаминович
Идентификатор авторитетной/нормативной записи RU\NLR\AUTH\7760945
Системный номер авторитетной/нормативной записи 43875
942 ## - ДОПОЛНИТЕЛЬНЫЕ ЭЛЕМЕНТЫ ЗАПИСИ (АБИС)
Тип экземпляра АБИС Книга
980 ## - КОЛЛЕКЦИЯ
Название коллекции НБР

Нет доступных экземпляров.